What are the obstacles to U.K. economic growth? /

Matterley's Henry Dixon discusses the obstacles to U.K. economic growth. He speaks with Mark Barton and Anna Edwards on Bloomberg Television's 'Countdown.'

Bibliographic Details
Corporate Author: Bloomberg News (Firm) (Producer)
Other Authors: Barton, Mark (Journalist) (Speaker), Edwards, Anna (News anchor) (Speaker)
Format: Video
Language:English
Language Notes:In English.
Published: New York : Bloomberg, 2013.
Series:Business and education in video
Subjects:
Online Access:Connect to this streaming video (Alexander Street Press)

MARC

Tag First Indicator Second Indicator Subfields
LEADER 00000cgm a2200000Ma 4500
001 in00005558421
006 m o c
007 cr |na---||a|a
007 vz |za|z|
008 140428s2013 nyu007 e o vueng d
005 20241201231104.8
035 |a (OCoLC)ocn890733475 
040 |a ALSTP  |b eng  |e pn  |c ALSTP  |d OCLCO  |d OCLCF  |d OCLCQ  |d OCLCO  |d OCLCA  |d OCLCQ  |d AU@  |d WYU  |d OCLCO  |d OCLCL 
020 |z 9781503476417 
035 |a (OCoLC)890733475 
043 |a e-uk--- 
050 4 |a HF 
049 |a TXAM 
245 0 0 |a What are the obstacles to U.K. economic growth? /  |c produced by Bloomberg. 
260 |a New York :  |b Bloomberg,  |c 2013. 
300 |a 1 online resource (7 min.). 
306 |a 000630 
336 |a two-dimensional moving image  |b tdi  |2 rdacontent 
337 |a computer  |b c  |2 rdamedia 
338 |a online resource  |b cr  |2 rdacarrier 
344 |a digital  |2 rda 
347 |a data file  |2 rda 
380 |a Videorecording 
490 0 |a Business and education in video 
500 |a Title from resource description page (viewed Apr. 28, 2014). 
520 |a Matterley's Henry Dixon discusses the obstacles to U.K. economic growth. He speaks with Mark Barton and Anna Edwards on Bloomberg Television's 'Countdown.' 
546 |a In English. 
650 0 |a Depressions. 
650 0 |a Economic development. 
650 0 |a Economics  |z Great Britain. 
650 6 |a Crises économiques. 
650 6 |a Développement économique. 
650 6 |a Économie politique  |z Grande-Bretagne. 
650 7 |a Depressions.  |2 fast  |0 (OCoLC)fst00890969 
650 7 |a Economic development.  |2 fast  |0 (OCoLC)fst00901785 
650 7 |a Economics.  |2 fast  |0 (OCoLC)fst00902116 
651 7 |a Great Britain.  |2 fast  |0 (OCoLC)fst01204623  |1 https://id.oclc.org/worldcat/entity/E39PBJdmp7p3cx8hpmJ8HvmTpP 
655 7 |a Television news programs.  |2 fast  |0 (OCoLC)fst01710455 
655 7 |a Television news programs.  |2 lcgft 
655 7 |a Téléjournaux.  |2 rvmgf 
700 1 |a Barton, Mark  |c (Journalist)  |4 spk 
700 1 |a Edwards, Anna  |c (News anchor)  |4 spk 
710 2 |a Bloomberg News (Firm)  |4 pro 
758 |i has work:  |a What Are the Obstacles to U.K. Economic Growth? (MovingImage)  |1 https://id.oclc.org/worldcat/entity/E39PCXqgRtbrtf8VR839cRFRDm  |4 https://id.oclc.org/worldcat/ontology/hasWork 
856 4 0 |u http://proxy.library.tamu.edu/login?url=https://www.aspresolver.com/aspresolver.asp?AVN2;2384429  |z Connect to this streaming video (Alexander Street Press)  |t 0 
955 |a Alexander Street Press subscription streaming video 
994 |a 92  |b TXA 
999 f f |s 9bcc72a2-d564-46bd-a3d5-294926045cfe  |i fb6561ce-233a-45ee-a099-d635278387b0  |t 0 
952 f f |a Texas A&M University  |b College Station  |c Electronic Resources  |d Available Online  |t 0  |e HF   |h Library of Congress classification 
998 f f |a HF   |t 0  |l Available Online